[Event "Carlsen Tour Final 2020"]
[Site "chess24.com INT"]
[Date "2020.08.20"]
[Round "2.75"]
[White "Nakamura,Hi"]
[Black "Carlsen,M"]
[Result "1-0"]
[WhiteElo "2736"]
[BlackElo "2863"]

1.e4 e5 2.Nf3 Nc6 3.Bb5 Nf6 4.d3 d6 5.O-O a6 6.Bxc6+ bxc6 7.d4 exd4 8.Qxd4 Be7
9.e5 c5 10.Qf4 dxe5 11.Nxe5 O-O 12.Nc6 Qd6 13.Nxe7+ Qxe7 14.Nc3 Bb7 15.Be3 Rfe8
16.Qg5 Qe6 17.h3 Qc6 18.f3 h6 19.Qxc5 Nd5 20.Nxd5 Qxd5 21.Qxd5 Bxd5 22.Kf2 Be6
23.Bf4 c5 24.Rfd1 a5 25.Rd2 a4 26.a3 Ra6 27.Re1 Rb6 28.Be5 Bf5 29.Bc3 Rxe1
30.Kxe1 f6 31.g4 Bg6 32.Rd8+ Kh7 33.Kd2 Rb7 34.Rc8 Rd7+ 35.Kc1 Re7 36.Rxc5 Re3
37.b4 axb3 38.cxb3 Rxf3 39.a4 Rxh3 40.a5 Rh2 41.a6 Ra2 42.Ba5 Be4 43.a7 g5
44.b4 Kg6 45.Rc8 f5 46.Re8 Bf3 47.gxf5+ Kf7 48.a8=Q Bxa8 49.Rxa8 g4 50.Ra7+ Kf8
51.Bb6  1-0

[Event "Carlsen Tour Final 2020"]
[Site "chess24.com INT"]
[Date "2020.08.20"]
[Round "2.73"]
[White "Nakamura,Hi"]
[Black "Carlsen,M"]
[Result "1-0"]
[WhiteElo "2736"]
[BlackElo "2863"]

1.e4 e5 2.Nf3 Nc6 3.Bb5 Nf6 4.d3 Bc5 5.Bxc6 dxc6 6.Nbd2 O-O 7.h3 Nd7 8.Nc4 a5
9.g4 Re8 10.Rg1 a4 11.Ne3 Bxe3 12.Bxe3 Nf8 13.h4 Qd6 14.Qd2 c5 15.h5 b5 16.Nh4 Qc6
17.Nf5 c4 18.Qb4 a3 19.b3 cxd3 20.cxd3 Qc2 21.h6 g6 22.Rc1 Qxd3 23.Rd1 Qc2
24.Ng7 Bb7 25.Nxe8 Rxe8 26.f3 Qxa2 27.Rd2 Qb1+ 28.Kf2 a2 29.Qc3 Ra8 30.Rxb1 axb1=Q
31.Qxe5  1-0

[Event "Carlsen Tour Final 2020"]
[Site "chess24.com INT"]
[Date "2020.08.20"]
[Round "2.76"]
[White "Carlsen,M"]
[Black "Nakamura,Hi"]
[Result "1-0"]
[WhiteElo "2863"]
[BlackElo "2736"]

1.c4 e5 2.Nc3 Nf6 3.Nf3 Nc6 4.e3 d5 5.cxd5 Nxd5 6.Qc2 Ndb4 7.Qb1 f5 8.a3 Nd5
9.d3 Be6 10.Be2 Be7 11.O-O O-O 12.Nxd5 Bxd5 13.b4 a6 14.Bb2 Bd6 15.e4 Be6
16.Bc3 fxe4 17.dxe4 Bg4 18.Qa2+ Kh8 19.Ne1 Bd7 20.Rd1 Qf6 21.Nd3 Qh4 22.f3 Rae8
23.g3 Qe7 24.Rf2 Be6 25.Qd2 Bb3 26.Rc1 Rd8 27.Qe3 a5 28.Nc5 axb4 29.axb4 Bxc5
30.Qxc5 Qxc5 31.bxc5 Nd4 32.Kg2 Nxe2 33.Rxe2 Rd3 34.Bxe5 Rdxf3 35.Rb2 Ba4
36.Rxb7 R3f7 37.c6 h5 38.Bxc7 Kh7 39.Bd6 Rf2+ 40.Kg1 R8f6 41.c7 Bd7 42.Bf4 Bc8
43.Rb8  1-0

[Event "Carlsen Tour Final 2020"]
[Site "chess24.com INT"]
[Date "2020.08.20"]
[Round "2.72"]
[White "Carlsen,M"]
[Black "Nakamura,Hi"]
[Result "1/2-1/2"]
[WhiteElo "2863"]
[BlackElo "2736"]

1.e4 c5 2.Nf3 Nc6 3.Bb5 g6 4.O-O Bg7 5.c3 Nf6 6.Re1 O-O 7.d4 cxd4 8.cxd4 d5
9.e5 Ne4 10.Be3 Bd7 11.Ba4 Na5 12.Bxd7 Qxd7 13.Nfd2 Nxd2 14.Nxd2 Nc4 15.Nxc4 dxc4
16.a4 Qd5 17.Qf3 Qxf3 18.gxf3 e6 19.Rec1 Rfc8 20.Rc3 Rc6 21.b3 Rac8 22.bxc4 Rxc4
23.Rb3 R4c7 24.Rab1 b6 25.a5 bxa5 26.Ra3 f6 27.Rxa5 g5 28.Kg2 h6 29.h4 Rd7
30.Ra6 Re8 31.Rb5 Kf7 32.h5 Ree7 33.Kg3 fxe5 34.dxe5 Rd5 35.Rxd5 exd5 36.Kg4 Rxe5
37.Rxa7+ Re7 38.Rxe7+ Kxe7 39.Kf5 Kf7 40.f4 gxf4 41.Bxf4 d4 42.Bd2 d3 43.Ke4 Ke6
44.Kxd3 Kf5 45.f3 Bf8 46.Kc4 Ke5 47.Be3 Bg7 48.Kc5 Ke6 49.Kc6 Kf7 50.Kd5 Bf8
51.Bd4 Ba3 52.Bc5 Bc1 53.Ke4 Bb2 54.Be3 Bg7 55.f4 Ke6 56.f5+ Kf7 57.Bc5 Bb2
58.Bd4 Ba3 59.Ke5 Be7 60.Be3 Bf6+ 61.Kd5 Bg7 62.Bd4 Bf8 63.f6 Ba3 64.Ke5 Bc1
65.Kf5 Bg5 66.Be5 Bh4 67.Bf4 Bxf6 68.Bxh6 Bg7 69.Bxg7 Kxg7 70.Kg5 Kh7 71.h6 Kh8
72.Kg6 Kg8 73.h7+ Kh8 74.Kh6  1/2-1/2

[Event "Titled Tues 1st Sep Final"]
[Site "chess.com INT"]
[Date "2020.09.01"]
[Round "1.1"]
[White "Alekseenko,K"]
[Black "Nakamura,Hi"]
[Result "0-1"]
[WhiteElo "2696"]
[BlackElo "2736"]

1.e4 d5 2.exd5 Qxd5 3.Nc3 Qa5 4.d4 c6 5.Nf3 Bf5 6.Ne5 e6 7.h4 h5 8.Bd3 Bxd3
9.Qxd3 Nf6 10.Bd2 Nbd7 11.O-O-O Bb4 12.a3 Bxc3 13.Bxc3 Qd5 14.f3 Qa2 15.Qc4 Qxc4
16.Nxc4 O-O 17.Bd2 b5 18.Na5 Rac8 19.Nb3 Nd5 20.Rhe1 Rfe8 21.Bb4 f6 22.Bd6 Kf7
23.c3 N7b6 24.Bc5 Rc7 25.Nd2 Rd8 26.Kc2 Nc4 27.Nxc4 bxc4 28.Rb1 Nf4 29.g3 Nd3
30.Red1 Nxc5 31.dxc5 Rd5 32.Rd4 Rxc5 33.Rbd1 Ke7 34.Rd8 Rf5 35.f4 e5 36.Rh8 exf4
37.gxf4 Rxf4 38.Rxh5 Rb7 39.Rd2 Kf7 40.Rc5 Rxh4 41.Rxc6 Rf4 42.a4 g5 43.a5 g4
44.a6 Re7 45.Rg2 Kg6 46.Rc8 Rg7 47.b4 cxb3+ 48.Kxb3 Kf5 49.c4 g3 50.Rb8 Rf2
51.Rb7 Rg8 52.Rg1 g2 53.Rb5+ Kf4 54.c5 Rf1 55.Rb4+ Ke5  0-1

[Event "Titled Tuesday 1st Sept"]
[Site "chess.com INT"]
[Date "2020.09.01"]
[Round "1"]
[White "Nakamura,Hi"]
[Black "Peng,David"]
[Result "1-0"]
[WhiteElo "2736"]
[BlackElo "2287"]

1.e4 e6 2.d4 d5 3.Nd2 Nf6 4.e5 Nfd7 5.f4 c5 6.c3 Nc6 7.Ndf3 Rb8 8.Bd3 b5
9.Ne2 Be7 10.O-O b4 11.f5 bxc3 12.bxc3 cxd4 13.cxd4 Qb6 14.Kh1 Ba6 15.Bxa6 Qxa6
16.Bg5 Rb2 17.Ng3 O-O 18.f6 Ba3 19.fxg7 Rfb8 20.Bf6 Be7 21.Ng5 Bxf6 22.exf6 Rxa2
23.Rxa2 Qxa2 24.Qh5 Qc2 25.Qxf7+  1-0

[Event "Titled Tues 1st Sep Final"]
[Site "chess.com INT"]
[Date "2020.09.01"]
[Round "2.1"]
[White "Nakamura,Hi"]
[Black "Grachev,B"]
[Result "1-0"]
[WhiteElo "2736"]
[BlackElo "2612"]

1.e4 c5 2.Nf3 e6 3.d4 cxd4 4.Nxd4 Nf6 5.Nc3 Nc6 6.Nxc6 bxc6 7.Bd3 d5 8.Qe2 Be7
9.O-O O-O 10.b3 a5 11.Bb2 Qb6 12.Na4 Qa7 13.e5 Nd7 14.c4 Bb7 15.Rac1 Rfc8
16.Rc2 c5 17.cxd5 Bxd5 18.Rd1 Qb7 19.f4 Nb6 20.Nxb6 Qxb6 21.Bc4 Bxc4 22.Qxc4 Rd8
23.Rcd2 Rxd2 24.Rxd2 Rd8 25.Bc3 h5 26.Kf2 Rxd2+ 27.Bxd2 Qd8 28.Bc3 h4 29.Qe4 g6
30.Ke2 Kg7 31.Bd2 Qb6 32.Kd3 Qa6+ 33.Kc2 Qf1 34.Bxa5 Qf2+ 35.Bd2 c4 36.Kc3 cxb3
37.axb3 Qg1 38.h3 Qa1+ 39.Kc4 Qa6+ 40.Kd4 Qa1+ 41.Bc3 Qd1+ 42.Kc4 Qf1+ 43.Qd3 Qxf4+
44.Kb5 Qf2 45.b4 Qa7 46.Qe4 Qb8+ 47.Kc4 Qc8+ 48.Kb3 Qd7 49.Qf3 Qb5 50.Qe4 Qd7
51.Qe2 Qd5+ 52.Ka4 Qc6+ 53.Kb3 Qd5+ 54.Kb2 Qd7 55.b5 Bc5 56.Qc4 Qa7 57.Kc2 Qb6
58.Be1 Be3 59.Bxh4 g5 60.Be1 Qb7 61.Qe2 Qe4+ 62.Kb3 Qd5+ 63.Qc4 Qxg2 64.Qd3 Bg1
65.Bd2 Qf2 66.Bxg5 Qc5 67.Bf6+ Kh6 68.Qe4 Bf2 69.Qf4+ Kh7 70.Qe4+ Kh6 71.Qc4 Qe3+
72.Qc3 Qb6 73.Qd2+ Kh7 74.Qd3+ Kh6 75.Qc4 Qe3+ 76.Kc2 Qf3 77.Qd3 Qf4 78.h4 Qa4+
79.Qb3 Qe4+ 80.Qd3 Qa4+ 81.Kd2 Qf4+ 82.Ke2 Bb6 83.Bg5+ Qxg5 84.hxg5+  1-0

[Event "Titled Tuesday 1st Sept"]
[Site "chess.com INT"]
[Date "2020.09.01"]
[Round "2"]
[White "Shuvalova,Polina"]
[Black "Nakamura,Hi"]
[Result "1/2-1/2"]
[WhiteElo "2454"]
[BlackElo "2736"]

1.e4 d5 2.exd5 Qxd5 3.Nc3 Qa5 4.d4 c6 5.Nf3 Bf5 6.Be2 e6 7.O-O Nd7 8.Re1 Ngf6
9.Nh4 Bg6 10.Bd2 Qc7 11.g3 O-O-O 12.a4 Kb8 13.a5 Bd6 14.a6 b6 15.Bf3 Rhe8
16.Nxg6 hxg6 17.Bg5 b5 18.Ne4 Kc8 19.Nxd6+ Qxd6 20.Bf4 Qb4 21.Bxc6 Nb6 22.Bxe8 Rxe8
23.b3 Nfd5 24.Qd2 Qxd2 25.Bxd2 Kd7 26.Ba5 Rc8 27.Re2 Nc3 28.Bxc3 Rxc3 29.Ra5 Kc6
30.Kg2 Nd5 31.Ra1 Kb6 32.h4 Nb4 33.Rd1 Kxa6 34.Re3 Rxc2 35.Rf3 Rc7 36.Re1 Kb6
37.Re5 a5 38.h5 gxh5 39.Rxh5 Nd5 40.Rh7 f6 41.Rh1 Rd7 42.Re1 Nc7 43.Rf4 f5
44.g4 g5 45.Rf3 fxg4 46.Rd3 a4 47.bxa4 bxa4 48.Ra1 Ka5 49.Kg3 Nb5 50.Re3 Rxd4
51.Rxe6 Nc3 52.Re5+ Kb4 53.Rxg5 Ne4+ 54.Kxg4 Nxf2+ 55.Kf3 Nd3 56.Ke3 Rd8
57.Rg4+ Kb3 58.Rgxa4 Nb4 59.R1a3+ Kb2 60.Rxb4+ Kxa3 61.Rd4 Rxd4 62.Kxd4  1/2-1/2

[Event "Titled Tues 1st Sep Final"]
[Site "chess.com INT"]
[Date "2020.09.01"]
[Round "2.2"]
[White "Grachev,B"]
[Black "Nakamura,Hi"]
[Result "1/2-1/2"]
[WhiteElo "2612"]
[BlackElo "2736"]

1.d4 Nf6 2.Bf4 d5 3.e3 c5 4.c3 Nc6 5.Nd2 Qb6 6.Qc2 g6 7.Ngf3 Bf5 8.dxc5 Qxc5
9.Qb3 Bc8 10.Be2 Bg7 11.h3 O-O 12.O-O Re8 13.Ne5 Nxe5 14.Bxe5 Nd7 15.Bxg7 Kxg7
16.Rfd1 Nf6 17.Rac1 Be6 18.Qa4 Bd7 19.Qb3 Be6 20.Qa4 Bd7 21.Qh4 e5 22.Nb3 Qe7
23.c4 dxc4 24.Qxc4 Rac8 25.Qd3 Bf5 26.Qb5 Bc2 27.Rd2 Bxb3 28.Rxc8 Rxc8 29.Qxb3 Rc1+
30.Rd1 Rxd1+ 31.Bxd1 b6 32.Qc3 Qd6 33.Bf3 a5 34.a3 Qc5 35.Qxc5 bxc5 36.Kf1 Nd7
37.Bc6 Nb6 38.Bb5 Kf6 39.e4 Ke7 40.Ke2 Nc8 41.Kd3 Nd6 42.Bc4 f6 43.f3 Kd7
44.h4 h6 45.Bd5 g5 46.h5 Kc7 47.Kc3 Kb6 48.g3 Nb5+ 49.Kd3 Nd6 50.g4 Nc8 51.Bc4 Kc7
52.Kc3 Nb6 53.Bb5 Kd6 54.Bc4 Kc6 55.Bd3 Na4+ 56.Kc2 Nb6 57.Kc3 Nc8 58.Bc4 Nd6
59.Bd5+ Kb6 60.Bc4 Kc6 61.Bd5+ Kb6 62.Bc4 Kc6  1/2-1/2

[Event "Titled Tues 1st Sep Final"]
[Site "chess.com INT"]
[Date "2020.09.01"]
[Round "3.3"]
[White "Onischuk,V"]
[Black "Nakamura,Hi"]
[Result "0-1"]
[WhiteElo "2633"]
[BlackElo "2736"]

1.e4 e5 2.Nf3 Nc6 3.Bc4 Bc5 4.d3 Nf6 5.c3 d6 6.Nbd2 a5 7.Bb3 h6 8.h3 O-O
9.Nf1 Be6 10.Ng3 d5 11.Qe2 a4 12.Bc2 Re8 13.O-O d4 14.Bd2 a3 15.b3 dxc3 16.Bxc3 Nd4
17.Bxd4 Bxd4 18.Nxd4 Qxd4 19.Rac1 c6 20.Qe3 Rad8 21.Ne2 Qxe3 22.fxe3 Nd7
23.Rfd1 f6 24.Kf2 Bf7 25.Nc3 Nc5 26.Nb1 Ra8 27.g4 Na6 28.Nc3 Nb4 29.Bb1 Rad8
30.Ne2 Bg6 31.Ng3 Rd7 32.Ke2 Bf7 33.Rc3 Red8 34.Rd2 Kf8 35.Nf5 Be6 36.d4 g6
37.Ng3 exd4 38.exd4 Rxd4 39.Rxd4 Rxd4 40.Rc1 Rd7 41.Ke3 Ke7 42.Ne2 Rd8 43.Nf4 Bf7
44.Ne2 g5 45.Ng3 Be6 46.Nf5+ Bxf5 47.gxf5 Kd6 48.Rd1+ Ke7 49.Rc1 Na6 50.e5 fxe5
51.Rf1 Kf6 52.Rc1 Nb4 53.Rc4 Nd5+ 54.Kf3 Nf4 55.h4 gxh4 56.Rc1 h3 57.Kg3 Rd2
58.Kh4 h2 59.Rh1 Rb2 60.Kg4 Nd5 61.Kh4 Ne3 62.Be4 Nxf5+ 63.Kg4 Ne3+ 64.Kf3 Rxa2
65.Kxe3 Rb2  0-1

[Event "Titled Tues 1st Sep Final"]
[Site "chess.com INT"]
[Date "2020.09.01"]
[Round "3.2"]
[White "Onischuk,V"]
[Black "Nakamura,Hi"]
[Result "1-0"]
[WhiteElo "2633"]
[BlackElo "2736"]

1.e4 e5 2.Nf3 Nc6 3.Bc4 Bc5 4.d3 Nf6 5.O-O d6 6.c3 h6 7.b4 Bb6 8.Nbd2 O-O
9.a4 a6 10.h3 Ne7 11.Re1 Ng6 12.a5 Ba7 13.Nf1 Re8 14.Bb3 Be6 15.Ng3 Bxb3
16.Qxb3 d5 17.c4 c6 18.Bb2 d4 19.c5 Qd7 20.Bc1 Qe6 21.Qc2 Rad8 22.Nd2 Bb8
23.Nc4 Rf8 24.Nf5 Ne8 25.Qe2 Nf4 26.Bxf4 exf4 27.Qg4 Kh7 28.e5 Rd5 29.Nfd6 Qxg4
30.hxg4 f6 31.Nxe8 Rxe8 32.exf6 Rf8 33.Re7 Rxf6 34.Rxb7 Rd8 35.Re1 f3 36.Ree7 Rg8
37.g3 Rg6 38.Re4 Rd8 39.Rf7 Kg8 40.Rxf3 Bc7 41.Rf5 Rb8 42.Nb6 Rd8 43.Re7 Bb8
44.Re4 Bc7 45.Kg2 Bb8 46.f3 Bc7 47.Re7 Bb8 48.Rff7 h5 49.Rf5 hxg4 50.f4 Kh8
51.Rg5 Rxg5 52.fxg5 Kh7 53.Nc4 Rf8 54.Nd2 Kg6 55.Re6+ Kxg5 56.Rxc6 Be5 57.Re6 Kf5
58.Rxa6 Re8 59.Rc6 Bf4 60.Ne4 Be5 61.a6 Rb8 62.Rb6 Ra8 63.b5  1-0

[Event "Titled Tuesday 1st Sept"]
[Site "chess.com INT"]
[Date "2020.09.01"]
[Round "3"]
[White "Suvrajit,S"]
[Black "Nakamura,Hi"]
[Result "0-1"]
[WhiteElo "2198"]
[BlackElo "2736"]

1.d4 Nf6 2.Nf3 g6 3.Nc3 Bg7 4.e4 d6 5.Be2 O-O 6.O-O Bg4 7.Be3 Nfd7 8.h3 Bxf3
9.Bxf3 e5 10.a4 Nc6 11.dxe5 dxe5 12.Ne2 Qe7 13.c3 h5 14.b4 a5 15.b5 Nd8 16.Qd5 Nb6
17.Qb3 Ne6 18.Rfd1 Kh7 19.Rd2 Bh6 20.Bxh6 Kxh6 21.Ng3 h4 22.Nf1 Nc5 23.Qc2 Rad8
24.Ne3 Kg7 25.Nd5 Nxd5 26.exd5 e4 27.Be2 f5 28.b6 cxb6 29.Bb5 Rd6 30.Re1 Rfd8
31.c4 Qf6 32.Rdd1 Rc8 33.Qd2 Rc7 34.Qf4 Nd3 35.Rxd3 exd3 36.Re8 Re7 37.Rxe7+ Qxe7
38.Qd4+ Rf6 39.Qxd3 Qe1+ 40.Qf1 Qxf1+ 41.Kxf1 Kf7 42.Ke2 Ke7 43.Kd3 Kd6 44.Kd4 g5
45.f3 g4 46.fxg4 fxg4 47.hxg4 Rf4+ 48.Ke3 Rxg4 49.Kf3 Rg3+ 50.Kf2 Ke5 51.Bd7 Rc3
52.Bb5 Rd3 53.Ke2 Rg3 54.Kf2 Rg6 55.Kf3 Rg7 56.Kf2 Rg3 57.Kf1 Kf4 58.Kf2 Rd3
59.Ke2 Rd4 60.Kf2 Rd2+ 61.Kf1 Kg3 62.Bd7 Rxg2 63.Bc8 h3 64.d6 h2  0-1

[Event "Titled Tues 1st Sep Final"]
[Site "chess.com INT"]
[Date "2020.09.01"]
[Round "3.1"]
[White "Nakamura,Hi"]
[Black "Onischuk,V"]
[Result "1-0"]
[WhiteElo "2736"]
[BlackElo "2633"]

1.Nf3 g6 2.e4 Bg7 3.d4 d6 4.Bc4 Nf6 5.Qe2 O-O 6.O-O c6 7.e5 Nd5 8.h3 Nb6
9.Bb3 dxe5 10.dxe5 Na6 11.Be3 Qc7 12.Nc3 Bf5 13.Rfe1 Rad8 14.e6 Nd5 15.exf7+ Rxf7
16.Bd4 Bxd4 17.Nxd4 Nc5 18.Bxd5 cxd5 19.Rad1 Bc8 20.Ndb5 Qb8 21.Nxd5 e6 22.Nf6+  1-0

[Event "Titled Tuesday 1st Sept"]
[Site "chess.com INT"]
[Date "2020.09.01"]
[Round "4"]
[White "Nakamura,Hi"]
[Black "Krishnan,V"]
[Result "1-0"]
[WhiteElo "2736"]
[BlackElo "2228"]

1.Nf3 d5 2.b3 Nf6 3.Bb2 c6 4.e3 Bf5 5.Be2 e6 6.Nh4 Bg6 7.Nxg6 hxg6 8.O-O Bd6
9.g3 Nbd7 10.d3 e5 11.c4 Qe7 12.Kg2 Qe6 13.Rh1 Qh3+ 14.Kg1 O-O-O 15.cxd5 cxd5
16.Nc3 a6 17.Bf3 Qe6 18.Bg2 Kb8 19.a3 Bc5 20.b4 Ba7 21.Ne2 Ng4 22.Qd2 Qf5
23.Rf1 Ngf6 24.h3 g5 25.g4 Qe6 26.a4 Nf8 27.b5 Ng6 28.bxa6 Qxa6 29.Rb1 Rde8
30.Qc2 Nh4 31.Qb3 e4 32.Bxf6 gxf6 33.dxe4 dxe4 34.Ng3 Nxg2 35.Kxg2 Re7 36.Rhd1 Qe6
37.Qxe6 Rxe6 38.Rd7 Bb6 39.Rxf7 Ka8 40.a5 Bxa5 41.Rbxb7 Rf8 42.Ra7+ Kb8 43.Rfb7+ Kc8
44.Rh7  1-0

[Event "Titled Tuesday 1st Sept"]
[Site "chess.com INT"]
[Date "2020.09.01"]
[Round "5"]
[White "Nakamura,Hi"]
[Black "Willow,Jonah B"]
[Result "1-0"]
[WhiteElo "2736"]
[BlackElo "2386"]

1.Nf3 c5 2.b3 Nc6 3.Bb2 d6 4.d4 cxd4 5.Nxd4 Nf6 6.g3 g6 7.Nxc6 bxc6 8.Bg2 Bb7
9.c4 Bg7 10.Nc3 O-O 11.O-O Qd7 12.e4 Rfd8 13.Qe2 Qc8 14.Rfe1 Nd7 15.Rad1 a5
16.Bh3 Qc7 17.Qe3 Nc5 18.Ba3 Na6 19.Rd2 Bc8 20.Bg2 Nb4 21.Na4 Rb8 22.c5 Ba6
23.cxd6 exd6 24.Red1 d5 25.Bxb4 d4 26.Bxa5 Qxa5 27.Qf3 Bb5 28.Nc5 Bh6 29.Rc2 Qb6
30.Bf1 Ra8 31.Bxb5 cxb5 32.Nd3 Bg7 33.Rdc1 Qa5 34.e5 Ra7 35.h4 Qb6 36.h5 Qe6
37.Kg2 Re7 38.Rc5 Rb8 39.Rc6 Qd7 40.Qf4 Ree8 41.R1c5 b4 42.h6 Bf8 43.Rc4 Qd5+
44.Kh2 Rbd8 45.Rc7 Qe6 46.R4c6 Qf5 47.Qxf5 gxf5 48.Rf6 Be7 49.Rxf5 Rc8 50.Rxc8 Rxc8
51.Rf4 Rc2 52.Rxd4 Bg5 53.Rg4  1-0

[Event "Titled Tuesday 1st Sept"]
[Site "chess.com INT"]
[Date "2020.09.01"]
[Round "6"]
[White "Alekseenko,K"]
[Black "Nakamura,Hi"]
[Result "1/2-1/2"]
[WhiteElo "2696"]
[BlackElo "2736"]

1.e4 d5 2.exd5 Qxd5 3.Nc3 Qa5 4.d4 c6 5.Nf3 Bf5 6.Bc4 e6 7.Bd2 Nd7 8.Qe2 Bb4
9.a3 Ngf6 10.O-O-O Bxc3 11.Bxc3 Qc7 12.Kb1 O-O-O 13.Rhe1 Nd5 14.Bd2 Kb8 15.h3 h6
16.Bb3 Nf4 17.Qf1 g5 18.Bc1 Bg6 19.h4 Bh5 20.hxg5 Bxf3 21.gxf3 hxg5 22.Qg1 Rhg8
23.Qg3 Nf6 24.Rh1 Rg6 25.c3 Ne2 26.Qxc7+ Kxc7 27.Be3 Nf4 28.Bc2 Rg7 29.Rh6 N6d5
30.Bd2 b5 31.Rdh1 Rdg8 32.Be4 Kd6 33.Kc2 Nb6 34.b3 a5 35.Rh7 a4 36.bxa4 Nxa4
37.c4 bxc4 38.Bb4+ Kd7 39.Rxg7 Rxg7 40.Rh8 f5 41.Ra8 fxe4 42.Ra7+ Ke8 43.Rxg7 exf3
44.Rxg5 Nd3 45.Rg3 Nb6 46.Kd2 Nxf2 47.Rxf3 Ne4+ 48.Kc2 Nd5 49.Rf8+ Kd7 50.Rf7+ Kc8
51.Rf3 Kb7 52.Rh3 Ka6 53.Rh6 Kb5 54.Rxe6 Ng5 55.Rg6 Nf3 56.Bc3 Ne3+ 57.Kc1 Nd5
58.Kb2 Nh4 59.a4+ Kb6 60.a5+ Kb5 61.Rg8 Nf5 62.Rb8+ Ka6 63.Rc8 Kb7 64.Rf8 Nfe3
65.Rf7+ Ka6 66.Bd2 c3+ 67.Bxc3 Nd1+ 68.Kb3 N1xc3 69.Kc4 Ne4 70.Rf8 Kxa5 71.Rb8 Ka6
72.Rb1 Nb6+ 73.Kd3 Nd6 74.Rc1 Kb7 75.Rh1 Nd5 76.Rh7+ Kb6 77.Rh6 Nf5 78.Rh8 Kc7
79.Ke4 Nd6+ 80.Kd3 Nf4+ 81.Ke3 Nd5+ 82.Kd3 Nb5 83.Kc4 Kb6 84.Rb8+ Kc7 85.Rxb5 Ne3+
86.Kd3 cxb5 87.Kxe3 Kd6 88.Kd3 Kd5 89.Kc3 b4+ 90.Kxb4 Kxd4  1/2-1/2

[Event "Titled Tuesday 1st Sept"]
[Site "chess.com INT"]
[Date "2020.09.01"]
[Round "7"]
[White "Nakamura,Hi"]
[Black "Praggnanandhaa,R"]
[Result "1-0"]
[WhiteElo "2736"]
[BlackElo "2608"]

1.Nf3 Nf6 2.b3 b6 3.d4 Bb7 4.Bb2 g6 5.e3 Bg7 6.Be2 O-O 7.O-O d5 8.c4 dxc4
9.Bxc4 Nbd7 10.Qe2 c5 11.Rd1 cxd4 12.Bxd4 Qc7 13.Nbd2 Rac8 14.a4 e5 15.Bb2 e4
16.Nd4 Ne5 17.Nb5 Qb8 18.Bxe5 Qxe5 19.Nxa7 Rcd8 20.Rac1 h5 21.Nb5 Ng4 22.Nf1 Qb8
23.Nd4 Ne5 24.Bb5 Rd6 25.Nd2 Rfd8 26.Nf1 Bd5 27.Qc2 Qa8 28.Qb1 h4 29.h3 Bb7
30.Nd2 Nd3 31.Bxd3 exd3 32.N4f3 R6d7 33.Rc4 Bf6 34.e4 Re8 35.Re1 Qb8 36.Re3 Red8
37.e5 Bg7 38.Rxh4 Rc7 39.Rc4 Rxc4 40.bxc4 Qc7 41.Rxd3 Rxd3 42.Qxd3 Bxe5 43.Nxe5 Qxe5
44.Qd8+ Kg7 45.Nf1 Qc5 46.Ne3 Ba6 47.Qd2 Qe5 48.Qc1 Qf6 49.Qb1 Qd4 50.Qb4 Qa1+
51.Kh2 Qe5+ 52.g3 Qd4 53.a5 bxa5 54.Qxa5 Bb7 55.Qe1 Qe4 56.Qc1 Qf3 57.Qf1 Kg8
58.Qg2 Qxg2+ 59.Nxg2 Kf8 60.Ne3 Ke7 61.h4 Kd6 62.g4 Ke5 63.Kg3 Ke4 64.h5 gxh5
65.gxh5 Ke5 66.c5 Be4 67.f4+ Kd4 68.f5 Kxe3 69.h6 Bxf5 70.c6 Be4 71.c7 f5
72.c8=Q f4+ 73.Kh4 f3 74.Qc5+ Ke2 75.Kg3  1-0

[Event "Titled Tuesday 1st Sept"]
[Site "chess.com INT"]
[Date "2020.09.01"]
[Round "8"]
[White "Izoria,Z"]
[Black "Nakamura,Hi"]
[Result "0-1"]
[WhiteElo "2602"]
[BlackElo "2736"]

1.Nf3 d5 2.d4 Nc6 3.Bf4 Bf5 4.e3 e6 5.a3 Bd6 6.Bg3 Nf6 7.c4 O-O 8.Nc3 Ne4
9.Rc1 Ne7 10.Be2 Nxg3 11.hxg3 c6 12.Bd3 h6 13.Bxf5 Nxf5 14.g4 Ne7 15.g5 dxc4
16.gxh6 g6 17.Ne4 b5 18.Nxd6 Qxd6 19.e4 Rad8 20.Qd2 Kh7 21.Qc3 f6 22.e5 Qd7
23.exf6 Nd5 24.Ng5+ Kh8 25.Qg3 Nxf6 26.Rd1 c5 27.O-O cxd4 28.Rfe1 Rde8 29.Qe5 d3
30.Re3 Qd5 31.Rde1 Qxe5 32.Rxe5 Ng4 33.Rxe6 Rxe6 34.Rxe6 Nxh6 35.Rxg6 Nf5
36.Ne4 Re8 37.Rg4 Nd6 38.Nxd6 d2 39.Rd4 Re1+ 40.Kh2 d1=Q 41.Rxd1 Rxd1 42.Nxb5 Rd2
43.Nxa7 Rxb2  0-1

[Event "Titled Tuesday 1st Sept"]
[Site "chess.com INT"]
[Date "2020.09.01"]
[Round "9"]
[White "Nakamura,Hi"]
[Black "Firouzja,Alireza"]
[Result "1-0"]
[WhiteElo "2736"]
[BlackElo "2728"]

1.e4 e5 2.Nf3 Nc6 3.Bb5 Nf6 4.d3 Bc5 5.Bxc6 dxc6 6.Nbd2 Be6 7.Nb3 Bb6 8.Qe2 Nd7
9.Be3 Qe7 10.Nfd2 O-O-O 11.a4 Bxe3 12.Qxe3 Kb8 13.a5 g6 14.O-O f5 15.exf5 gxf5
16.f4 Rhg8 17.a6 b6 18.c4 Rg4 19.Rae1 Rdg8 20.Rf2 Qh4 21.Nf3 Qh3 22.Ree2 Rxf4
23.Nxe5 Rxf2 24.Nxc6+ Ka8 25.Qxh3 Rxe2 26.Nbd4 Rgxg2+ 27.Qxg2 Rxg2+ 28.Kxg2 Nc5
29.b4  1-0

[Event "Titled Tuesday 1st Sept"]
[Site "chess.com INT"]
[Date "2020.09.01"]
[Round "10"]
[White "Nakamura,Hi"]
[Black "Demidov,M"]
[Result "1/2-1/2"]
[WhiteElo "2736"]
[BlackElo "2519"]

1.e4 e6 2.d4 d5 3.e5 c5 4.c3 Ne7 5.Na3 Nec6 6.Nc2 b6 7.f4 a5 8.Nf3 Be7 9.Ne3 g6
10.Bd3 Ba6 11.O-O h5 12.g3 Bxd3 13.Qxd3 c4 14.Qc2 b5 15.b3 Nd7 16.Bd2 Qc7
17.Rfc1 Nb6 18.Rab1 Kd7 19.bxc4 bxc4 20.Rf1 Rhb8 21.h3 Nc8 22.g4 hxg4 23.hxg4 Rxb1
24.Rxb1 Rb8 25.f5 gxf5 26.gxf5 Rxb1+ 27.Qxb1 Qb6 28.Qc2 Nd8 29.f6 Bf8 30.Ng4 Na7
31.Ng5 Nac6 32.Kf1 Qb5 33.Bc1 a4 34.Nh7 Ke8 35.Nxf8 Kxf8 36.Ba3+ Ke8 37.Kf2 Kd7
38.Ke3 Ke8 39.Kd2 Kd7 40.Kc1 Qa5 41.Qd2 Ke8 42.Nh6 Kd7 43.Kc2 Na7 44.Bb4 Qa6
45.a3 Nac6 46.Qe2 Nxb4+ 47.cxb4 Qb6 48.Qd1 Nc6 49.Nxf7 Nxd4+ 50.Kb1 Nb5 51.Qxa4 Qg1+
52.Ka2  1/2-1/2

[Event "Titled Tues 8th Sep Final"]
[Site "chess.com INT"]
[Date "2020.09.08"]
[Round "1.1"]
[White "Nakamura,Hi"]
[Black "Fedoseev,Vl3"]
[Result "1/2-1/2"]
[WhiteElo "2736"]
[BlackElo "2678"]

1.Nf3 Nf6 2.b3 c5 3.c4 Nc6 4.Bb2 g6 5.d4 cxd4 6.Nxd4 Bg7 7.g3 Qb6 8.Bg2 O-O
9.O-O d6 10.e3 Bg4 11.Qd2 Rac8 12.Nc3 Rfd8 13.Rac1 Qa6 14.Rfe1 Nxd4 15.exd4 e5
16.a4 Bf5 17.Nb5 d5 18.dxe5 dxc4 19.Qe2 Bd3 20.Qf3 Ne8 21.Qxb7 Qxb7 22.Bxb7 Rb8
23.Bf3 Bh6 24.Rcd1 cxb3 25.Nxa7 Bc2 26.Rxd8 Rxd8 27.Nc6 Rd2 28.Ne7+ Kf8 29.Ba3 Kg7
30.e6 fxe6 31.Rxe6 Kf7 32.Rb6 Bf8 33.Rb7 Ke6 34.Bg4+ Kf6 35.Ng8+ Kg5 36.Bc1 Kxg4
37.Bxd2 Ba3 38.Bc3 Nd6 39.Nf6+ Kf3 40.Rb8 Nc4 41.a5 Nxa5 42.Nd7 Nc4 43.Ne5+ Nxe5
44.Bxe5 Ke2 45.Kg2 Be4+ 46.Kh3 Bd5 47.f4 Kf3 48.g4 Be6 49.Kh4 Be7+ 50.g5 Bc5
51.f5 Bf2+ 52.Bg3 Bxg3+ 53.hxg3 gxf5 54.Rb7 Bd5 55.Rb5 Ke4 56.Kh5 Kd4 57.Kh6 Kc4
58.Rb8 Be4 59.Kg7 Kc3 60.Rc8+ Kd2 61.Rb8 Kc1 62.Rc8+ Bc2 63.Kxh7 f4+ 64.g6 fxg3
65.Rxc2+ bxc2 66.g7 Kb1 67.g8=Q c1=Q 68.Qxg3 Qc2+ 69.Qg6 Qxg6+ 70.Kxg6  1/2-1/2

[Event "Titled Tues 8th Sep Final"]
[Site "chess.com INT"]
[Date "2020.09.08"]
[Round "1.2"]
[White "Nakamura,Hi"]
[Black "Fedoseev,Vl3"]
[Result "1-0"]
[WhiteElo "2736"]
[BlackElo "2678"]

1.Nf3 g6 2.e3 Bg7 3.d4 e6 4.c4 d6 5.Nc3 Ne7 6.h4 O-O 7.h5 e5 8.hxg6 fxg6
9.c5 exd4 10.exd4 d5 11.Bg5 Nbc6 12.Qd2 Rxf3 13.gxf3 Nxd4 14.Be2 Bf5 15.Rd1 Qd7
16.Bxe7 Qxe7 17.Kf1 c6 18.Qe3 Qxc5 19.Rh4 Ne6 20.Qxc5 Nxc5 21.Rc1 Ne6 22.b4 Bf6
23.Rh1 Nf4 24.b5 Re8 25.bxc6 bxc6 26.Ba6 Nd3 27.Bxd3 Bxd3+ 28.Kg2 Bc4 29.Ne4 Be5
30.Rhe1 Kf8 31.Nd2 Bb5 32.Nb3 Bf4 33.Rxe8+ Kxe8 34.Rc2 Kd7 35.Nd4 Be5 36.Nxb5 cxb5
37.Rc5 Kd6 38.Rxb5 Bc3 39.Rb7 h5 40.Rxa7 d4 41.Ra6+ Kd5 42.Rxg6 d3 43.Kf1 h4
44.Rh6 Kc4 45.Rxh4+ Bd4 46.Ke1 Kc3 47.Rxd4 Kxd4 48.Kd2 Kc4 49.f4 Kd4 50.f5 Ke5
51.f6 Kf5 52.Kxd3 Kxf6 53.a4 Ke6 54.a5 Kd6 55.Ke4 Kc6 56.f4 Kb5 57.f5 Kxa5
58.f6 Kb6 59.f7  1-0

[Event "Titled Tues 8th Sep Final"]
[Site "chess.com INT"]
[Date "2020.09.08"]
[Round "2.1"]
[White "Kuzubov,Y"]
[Black "Nakamura,Hi"]
[Result "1/2-1/2"]
[WhiteElo "2643"]
[BlackElo "2736"]

1.d4 Nf6 2.c4 e6 3.Nf3 d5 4.g3 Bb4+ 5.Bd2 Be7 6.Bg2 O-O 7.O-O Nbd7 8.Qc2 c6
9.Rd1 b6 10.Bf4 Nh5 11.cxd5 cxd5 12.Bc7 Qe8 13.Nc3 Ba6 14.Qa4 Nb8 15.Qxe8 Rxe8
16.Rac1 Nf6 17.e4 dxe4 18.Ng5 Nbd7 19.Ngxe4 Rac8 20.Bf4 Red8 21.Nd6 Bxd6
22.Bxd6 Nf8 23.Be7 Rd7 24.Bxf6 gxf6 25.d5 Rcd8 26.dxe6 Rxd1+ 27.Rxd1 Rxd1+
28.Nxd1 fxe6 29.f4 Kf7 30.Kf2 Nd7 31.Ke3 f5 32.Nf2 Nf6 33.Bf3 Ke7 34.Nd3 Bxd3
35.Kxd3 Kd6 36.Kd4 h6 37.h3 Nd7 38.b4 e5+ 39.fxe5+ Nxe5 40.Bg2 Ng6 41.h4 Ne7
42.Bh3 Nc6+ 43.Kc4 Ke5 44.Kb5 Nb8 45.a4 f4 46.gxf4+ Kxf4 47.a5 bxa5 48.bxa5 Kg3
49.Be6 Kxh4 50.Kc5 Na6+ 51.Kc6 Nb4+ 52.Kb7 a6 53.Bc4 Kg5 54.Bxa6 Kf5 55.Be2 Ke5
56.Kb6 Kd6 57.Kb5 Nd5 58.Bf3 Nc7+ 59.Kb6 Kd7 60.Kb7 Kd6 61.Kb6 Kd7 62.Bg2 h5
63.Bh3+ Kd6 64.Bg2 h4 65.Bh3 Nd5+ 66.Kb7 Nb4 67.a6 Nxa6 68.Kxa6 Ke5 69.Bg2 Kf4
70.Bh3 Kg3 71.Bf1 h3 72.Bxh3  1/2-1/2

[Event "Titled Tues 8th Sep Final"]
[Site "chess.com INT"]
[Date "2020.09.08"]
[Round "2.2"]
[White "Nakamura,Hi"]
[Black "Kuzubov,Y"]
[Result "1/2-1/2"]
[WhiteElo "2736"]
[BlackElo "2643"]

1.Nf3 d5 2.e3 Nf6 3.c4 c6 4.d4 Bf5 5.Nc3 e6 6.Nh4 Bg6 7.Qb3 Qb6 8.Nxg6 hxg6
9.Bd2 Nbd7 10.g3 Be7 11.Bg2 Qxb3 12.axb3 a6 13.h3 O-O-O 14.Ke2 Rhe8 15.Rhc1 Kb8
16.Kf1 dxc4 17.bxc4 e5 18.Ne2 exd4 19.exd4 Nf8 20.Bc3 Ne6 21.Rd1 Bd6 22.Rd3 Bc7
23.Rad1 Ng5 24.b3 Nge4 25.Bb2 Nd6 26.d5 c5 27.Rf3 Nde4 28.Re3 Nd6 29.Rf3 Nf5
30.Bxf6 gxf6 31.h4 Be5 32.Bh3 Nd6 33.Ng1 f5 34.Rfd3 Bf6 35.Bg2 b6 36.Ne2 Kc7
37.Nf4 Re7 38.Bf3 Rde8 39.R3d2 Kd8 40.Ra2 a5 41.Rc2 Be5 42.Nd3 Rh8 43.Kg2 Bf6
44.Nf4 Be5 45.Nd3 Bf6 46.Nf4 Kc7 47.Ra2 Ree8 48.Nd3 Bc3 49.Rc2 Bf6 50.Ra2 Bc3
51.Rc2 Bf6 52.Ra2  1/2-1/2